Sexual assault in the military : hearing before the Subcommittee on National Security and Foreign Affairs of the Committee on Oversight and Government Reform, House of Representatives.
| Corporate Author: | |
|---|---|
| Format: | Government Document eBook |
| Language: | English |
| Published: |
Washington :
U.S. G.P.O.,
2009-
|
| Subjects: | |
| Online Access: | Electronic resource (PDF) Electronic resource (PDF) Electronic resource (PDF) |
MARC
| Tag | First Indicator | Second Indicator | Subfields |
|---|---|---|---|
| LEADER | 00000cam a22000001a 4500 | ||
| 001 | in00004100679 | ||
| 005 | 20200117091338.0 | ||
| 006 | m d f | ||
| 007 | cr bn mmmapmmp | ||
| 008 | 090921m20099999dcu ob f000 0 eng d | ||
| 035 | |a chdc201000604 | ||
| 040 | |a UMI |c UMI |d UtOrBLW | ||
| 042 | |a pcc | ||
| 043 | |a n-us--- | ||
| 074 | |a 1016-A | ||
| 086 | 0 | |a Y 4.G 74/7:110-187 | |
| 086 | 0 | |a Y 4.G 74/7:110-188 | |
| 086 | 0 | |a Y 4.G 74/7:111-22 | |
| 088 | |a Serial no. 110-187 (United States. Congress. House. Committee on Oversight and Government Reform) | ||
| 088 | |a Serial no. 110-188 (United States. Congress. House. Committee on Oversight and Government Reform) | ||
| 088 | |a Serial no. 111-22 (United States. Congress. House. Committee on Oversight and Government Reform) | ||
| 099 | |a HRG-2008-CGR-0087 (pt.2) | ||
| 099 | |a HRG-2008-CGR-0086 (pt.1) | ||
| 110 | 1 | |a United States. |b Congress. |b House. |b Committee on Oversight and Government Reform. |b Subcommittee on National Security and Foreign Affairs. |0 http://id.loc.gov/authorities/names/n2007035877 | |
| 245 | 1 | 0 | |a Sexual assault in the military : |b hearing before the Subcommittee on National Security and Foreign Affairs of the Committee on Oversight and Government Reform, House of Representatives. |
| 264 | 1 | |a Washington : |b U.S. G.P.O., |c 2009- | |
| 264 | 2 | |a Washington : |b For sale by the Supt. of Docs., U.S. G.P.O. | |
| 300 | |a volumes, digital, PDF file. | ||
| 336 | |a text |b txt |2 rdacontent | ||
| 337 | |a computer |b c |2 rdamedia | ||
| 338 | |a online resource |b cr |2 rdacarrier | ||
| 500 | |a "One Hundred Tenth Congress, second session, July 31, 2008"--Pt. [1]. | ||
| 500 | |a "One Hundred Tenth Congress, second session, September 10, 2008"--Pt. 2. | ||
| 500 | |a "One Hundred Eleventh Congress, first session, June 25, 2009"--Pt. 3. | ||
| 500 | |a Shipping list number: 2009-0447-P (pt. [1]), 2010-0015-P (pt. 2), 2010-0114-P (pt. 3). | ||
| 504 | |a Includes bibliographical references. | ||
| 500 | |a "Serial number 110-187"--Pt. [1]. | ||
| 500 | |a "Serial number 110-188"--Pt. 2. | ||
| 500 | |a "Serial number 111-22"--Pt. 3. | ||
| 500 | |a Record is based on bibliographic data in ProQuest Congressional Hearings Digital Collection. Reuse except for individual research requires license from ProQuest, LLC. | ||
| 500 | |a Electronic resource. | ||
| 533 | |a Electronic reproduction. |b [Bethesda, Md.] : |c ProQuest, |d 2010. |e digital, PDF file. |n ProQuest U.S. Congressional Hearings Digital Collection. |n Mode of access: World Wide Web via ProQuest website. | ||
| 538 | |a System requirements: PDF reader software. | ||
| 650 | 0 | |a Rape |z United States. |0 http://id.loc.gov/authorities/subjects/sh2008110462 | |
| 650 | 0 | |a Soldiers |x Crimes against |z United States. | |
| 650 | 0 | |a Women soldiers |x Crimes against |z United States. | |
| 650 | 0 | |a Military offenses |z United States. |0 http://id.loc.gov/authorities/subjects/sh85085251 | |
| 776 | 0 | 8 | |i Print version: |a United States. Congress. House. Committee on Oversight and Government Reform. Subcommittee on National Security and Foreign Affairs. |t Sexual assault in the military |w 9780160840098 (pt.1) |w 0160840090 (pt.1) |w 9780160842047 (pt.2) |w 0160842042 (pt.2) |w 9780160851308 (pt.3) |w 0160851300 (pt.3) |w (OCoLC)436943557 |z 2009438488 |
| 776 | 0 | 8 | |i Microfiche version: |a United States. Congress. House. Committee on Oversight and Government Reform. Subcommittee on National Security and Foreign Affairs. |t Sexual assault in the military |d [Bethesda, Md.] : ProQuest,[2010] |o CIS 2010 H601-43 (pt.3) |o CIS 2010 H601-12 (pt.2) |o CIS 2010 H601-11 (pt.1) |w (ProQuest)cis01001157 |
| 856 | 4 | 0 | |u http://proxy.library.tamu.edu/login?url=http://search.proquest.com/congcomp/getdoc?HEARING-ID=HRG-2009-CGR-0022 |3 pt.3 |y Electronic resource (PDF) |t 0 |
| 856 | 4 | 0 | |u http://search.proquest.com/congcomp/getdoc?HEARING-ID=HRG-2008-CGR-0086 |3 pt.1 |y Electronic resource (PDF) |t 0 |
| 856 | 4 | 0 | |u http://search.proquest.com/congcomp/getdoc?HEARING-ID=HRG-2008-CGR-0087 |3 pt.2 |y Electronic resource (PDF) |t 0 |
| 998 | |a cis01001157 | ||
| 999 | f | f | |s c79146a9-b739-3a3f-a50d-d7083bf85c02 |i 81ee9b1c-df43-3e40-969e-dc2bcefe0937 |t 0 |
| 952 | f | f | |a Texas A&M University |b College Station |c Electronic Resources |d Available Online |t 0 |e Y 4.G 74/7:111-22 |h Superintendent of Documents classification |
| 998 | f | f | |a Y 4.G 74/7:111-22 |t 0 |l Available Online |